[Event "Amplico ch-EUR Blitz"]
[Site "Warsaw POL"]
[Date "2012.12.14"]
[Round "11.2"]
[White "Fridman, Daniel"]
[Black "Tkachiev, Vladislav"]
[Result "0-1"]
[WhiteElo "2667"]
[BlackElo "2650"]
[EventDate "2012.12.14"]

1. d4 Nf6 2. c4 g6 3. Nc3 Bg7 4. g3 O-O 5. Bg2 d6 6. Nf3 Nc6 7. O-O Bf5 8. b3 e5
9. Bb2 Re8 10. Nd5 e4 11. Nh4 Bd7 12. Ne3 Ne7 13. f4 d5 14. Qd2 a5 15. a4 c6 16.
Bc3 Ng4 17. Nxg4 Bxg4 18. e3 Bf6 19. h3 Be6 20. c5 Bxh4 21. gxh4 Nf5 22. h5 Nh4
23. hxg6 hxg6 24. Qe2 Kg7 25. Bxe4 Bxh3 26. Bh1 Bxf1 27. Rxf1 Nf5 28. e4 Ng3 29.
Qd3 Nxe4 30. Be1 Qf6 31. Bg2 Qf5 32. Bh3 Qh5 33. f5 g5 34. f6+ Nxf6 35. Qf5 Qg6
36. Qf2 Ne4 37. Qf3 g4 38. Qxg4 Qxg4+ 39. Bxg4 Rh8 40. Kg2 Rh6 41. Bf5 Rah8 42.
Kf3 Rf6 43. Ke3 Ng5 44. Bg3 Re8+ 45. Be5 Rxe5+ 46. dxe5 Rh6 47. Rg1 f6 48. e6
Kf8 49. b4 axb4 50. Rg4 Rh3+ 51. Ke2 Rb3 52. Rh4 Rb2+ 53. Kd1 Rf2 54. Rh8+ Ke7
55. Rb8 Rxf5 56. Rxb7+ Kxe6 57. a5 Rf1+ 58. Kc2 Ra1 59. Ra7 Ne4 60. Ra6 b3+ 61.
Kb2 Ra2+ 62. Kc1 Rc2+ 63. Kd1 Nc3+ 64. Ke1 b2 65. Rxc6+ Ke5 0-1

[Event "Amplico ch-EUR Blitz"]
[Site "Warsaw POL"]
[Date "2012.12.14"]
[Round "11.2"]
[White "Bartel, Mateusz"]
[Black "Ragger, Markus"]
[Result "0-1"]
[WhiteElo "2629"]
[BlackElo "2655"]
[EventDate "2012.12.14"]

1. e4 e5 2. Nc3 Nf6 3. g3 Bc5 4. Bg2 Nc6 5. Nge2 a6 6. O-O d6 7. h3 Be6 8. d3
Qd7 9. Kh2 h5 10. Bg5 O-O-O 11. Nd5 Bxd5 12. exd5 Ne7 13. d4 Ba7 14. Bxf6 gxf6
15. h4 Kb8 16. c4 Qg4 17. Bh3 Qe4 18. Qd2 Nf5 19. Nc3 Qxd4 20. Qe2 Ne7 21. Rad1
Qb6 22. Qc2 f5 23. a3 c6 24. Bxf5 cxd5 25. Nxd5 Nxd5 26. Rxd5 Rhg8 27. b3 Qc7
28. Qe2 Bd4 29. Qxh5 Rh8 30. Qf3 Rdg8 31. Bh3 Qe7 32. Re1 Bc5 33. b4 Ba7 34. c5
dxc5 35. Rexe5 Qc7 36. bxc5 Ka8 37. Qe3 Bb8 38. Re7 Qc6 39. Rdd7 Rxh4 40. f4
Rxh3+ 0-1

[Event "Amplico ch-EUR Blitz"]
[Site "Warsaw POL"]
[Date "2012.12.14"]
[Round "11.2"]
[White "Edouard, Romain"]
[Black "Le Roux, Jean-Pierre"]
[Result "0-1"]
[WhiteElo "2686"]
[BlackElo "2569"]
[EventDate "2012.12.14"]

1. d4 Nf6 2. c4 g6 3. g3 Bg7 4. Bg2 d5 5. cxd5 Nxd5 6. Nc3 Nb6 7. Nf3 O-O 8. O-O
Nc6 9. e3 Re8 10. Qe2 e5 11. dxe5 Nxe5 12. Nxe5 Bxe5 13. Rd1 Qe7 14. e4 Be6 15.
Be3 Nc4 16. Bd4 Rad8 17. Bxe5 Nxe5 18. h3 Qc5 19. Rxd8 Rxd8 20. Rd1 Rxd1+ 21.
Qxd1 c6 22. Qe2 b5 23. a3 a5 24. Kh2 b4 25. axb4 axb4 26. Nd1 Bb3 27. Ne3 Qd4
28. f4 Nc4 29. Nxc4 Bxc4 30. Qc2 b3 31. Qc1 Qd3 32. Qg1 Qd2 33. Qa1 Kg7 34. h4
h5 35. Kh3 Be6+ 36. Kh2 Bg4 37. Kh1 Be6 38. Qa3 Qc1+ 39. Kh2 Qc2 40. Kh1 c5 41.
f5 gxf5 42. exf5 Qxf5 43. Kh2 Qe5 44. Qa1 0-1

[Event "Amplico ch-EUR Blitz"]
[Site "Warsaw POL"]
[Date "2012.12.14"]
[Round "11.2"]
[White "Petrosian, Tigran L."]
[Black "Dziuba, Marcin"]
[Result "1-0"]
[WhiteElo "2648"]
[BlackElo "2602"]
[EventDate "2012.12.14"]

1. e4 c5 2. Nc3 a6 3. f4 d6 4. Nf3 Nc6 5. d3 g6 6. g3 Bg7 7. Bg2 f5 8. O-O Nh6
9. exf5 Nxf5 10. Ne4 O-O 11. c3 Kh8 12. g4 Nh6 13. h3 Bd7 14. Qe1 b6 15. Bd2 Nf7
16. Qg3 h6 17. Rae1 d5 18. Nf2 Qc7 19. Qh4 e5 20. fxe5 Rae8 21. d4 Qd8 22. Nd3
c4 23. Nf4 g5 24. Ng6+ Kh7 25. Nxf8+ Rxf8 26. Qg3 Be6 27. h4 gxh4 28. Nxh4 Ng5
29. Rxf8 Qxf8 30. Rf1 Qe8 31. Nf5 Ne4 32. Bxe4 dxe4 33. Nxg7 Kxg7 34. Rf6 1-0